Statistiken für Die 500 größten Städte in Deutschland

Klicken Sie hier um das Quiz zu spielen!

Allgemein

  • Dieses Quiz wurde 1.223 mal gespielt
  • Das Durchschnittsergebnis liegt bei 282 aus 500

Antwortstatistiken

AntwortEinwohnerzahlBundesland% Korrekt
1Berlin3.644.826Berlin
99%
3München1.471.508Bayern
98%
4Köln1.085.664NRW
98%
2Hamburg1.841.179Hamburg
98%
9Dortmund587.010NRW
97%
386Haan30.484NRW
97%
7Düsseldorf619.294NRW
97%
6Stuttgart634.830Ba-Wü
97%
8Leipzig587.857Sachsen
96%
10Essen583.109NRW
96%
12Dresden554.649Sachsen
96%
14Nürnberg518.365Bayern
96%
5Frankfurt am Main753.056Hessen
96%
28Kiel247.548S-H
96%
11Bremen569.352Bremen
96%
13Hannover538.068NDS
95%
23Augsburg295.135Bayern
93%
44Potsdam178.089Brandenburg
93%
37Erfurt213.699Thüringen
93%
36Mainz217.118RLP
93%
39Rostock208.886MVP
93%
19Bonn327.258NRW
93%
42Saarbrücken180.741Saarland
93%
32Magdeburg238.697S-Anhalt
92%
24Wiesbaden278.342Hessen
92%
15Duisburg498.590NRW
92%
18Bielefeld333.786NRW
92%
22Mannheim309.370Ba-Wü
91%
16Bochum364.628NRW
91%
35Lübeck217.198S-H
91%
31Halle (Saale)239.257S-Anhalt
91%
21Karlsruhe313.092Ba-Wü
91%
30Chemnitz247.237Sachsen
91%
29Aachen247.380NRW
91%
69Bremerhaven113.634Bremen
91%
85Schwerin95.818MVP
91%
265Freiberg40.885Sachsen
91%
61Ulm126.329Ba-Wü
90%
48Osnabrück164.748NDS
90%
73Jena111.407Thüringen
90%
33Freiburg im Breisgau230.241Ba-Wü
90%
40Kassel201.585Hessen
90%
27Braunschweig248.292NDS
90%
25Mönchengladbach261.454NRW
90%
20Münster314.319NRW
90%
17Wuppertal354.382NRW
90%
93Flensburg89.504S-H
89%
26Gelsenkirchen260.654NRW
89%
49Leverkusen163.838NRW
89%
64Wolfsburg124.151NDS
89%
55Regensburg152.610Bayern
89%
43Hamm179.111NRW
88%
47Oldenburg168.210NDS
88%
68Koblenz114.024RLP
88%
56Paderborn150.580NRW
88%
75Trier110.636RLP
87%
59Würzburg127.880Bayern
87%
50Heidelberg160.355Ba-Wü
87%
57Ingolstadt136.981Bayern
87%
156Frankfurt (Oder)57.873Brandenburg
87%
80Cottbus100.219Brandenburg
86%
52Darmstadt159.207Hessen
86%
38Oberhausen210.829NRW
85%
82Kaiserslautern99.845RLP
85%
45Ludwigshafen am Rhein171.061RLP
85%
86Gera94.152Thüringen
85%
58Offenbach am Main128.744Hessen
85%
65Göttingen119.801NDS
85%
60Fürth127.748Bayern
85%
180Passau52.469Bayern
85%
34Krefeld227.020NRW
84%
78Siegen102.836NRW
83%
92Zwickau89.540Sachsen
83%
107Bamberg77.592Bayern
83%
122Brandenburg an der Havel72.124Brandenburg
82%
223Hof45.930Bayern
82%
41Hagen188.814NRW
82%
53Herne156.374NRW
82%
51Solingen159.360NRW
82%
98Konstanz84.760Ba-Wü
81%
116Bayreuth74.657Bayern
81%
72Erlangen111.962Bayern
81%
94Gießen88.546Hessen
81%
190Emden50.195NDS
80%
66Bottrop117.383NRW
79%
71Bergisch Gladbach111.966NRW
79%
178Ahlen52.582NRW
79%
67Reutlingen115.966Ba-Wü
79%
128Aalen68.456Ba-Wü
79%
134Weimar65.090Thüringen
79%
91Tübingen90.546Ba-Wü
79%
125Celle69.602NDS
79%
124Aschaffenburg70.527Bayer
79%
62Heilbronn125.960Ba-Wü
79%
109Marburg76.851Hessen
79%
110Wilhelmshaven76.278NDS
79%
63Pforzheim125.542Ba-Wü
78%
79Hildesheim101.990NDS
78%
54Neuss153.796NRW
78%
113Lüneburg75.351NDS
78%
70Recklinghausen112.267NRW
78%
166Baden-Baden55.123Ba-Wü
78%
83Witten96.563NRW
78%
153Neu-Ulm58.707Bayern
78%
141Rosenheim63.324Bayern
78%
127Fulda68.586Hessen
77%
46Mülheim an der Ruhr170.880NRW
77%
139Neubrandenburg64.086MVP
77%
145Friedrichshafen60.865Ba-Wü
77%
84Hanau96.023Hessen
77%
151Greifswald59.382MVP
77%
204Cuxhaven48.371NDS
77%
173Schweinfurt54.032Bayern
76%
77Moers103.725NRW
76%
88Ludwigsburg93.499Ba-Wü
76%
102Minden81.682NRW
76%
81Gütersloh100.194NRW
76%
74Remscheid110.994NRW
76%
100Worms83.330RPL
75%
161Görlitz56.324Sachsen
75%
126Kempten (Allgäu)68.907Bayern
75%
154Unna58.633NRW
75%
76Salzgitter104.948NDS
75%
90Düren90.733NRW
74%
104Neumünster79.487S-H
74%
187Ravensburg50.623Ba-Wü
74%
89Iserlohn92.666NRW
73%
97Villingen-Schwenningen85.181Ba-Wü
73%
87Esslingen am Neckar93.542Ba-Wü
72%
158Hameln57.510NDS
72%
150Stralsund59.421MVP
72%
196Heidenheim an der Brenz49.526Ba-Wü
72%
121Landshut72.404Bayern
72%
149Offenburg59.646Ba-Wü
72%
262Coburg41.249Bayern
71%
185Goslar50.753NDS
71%
189Speyer50.378RLP
71%
331Saarlouis34.552Saarland
70%
183Kleve51.845NRW
70%
103Dessau-Roßlau81.237S-Anhalt
70%
117Detmold74.388NRW
70%
239Memmingen43.837Bayern
69%
246Wismar42.550MVP
69%
186Gummersbach50.688NRW
69%
251Eisenach42.370Thüringen
69%
135Plauen64.931Sachsen
69%
106Delmenhorst77.607NDS
69%
95Ratingen87.297NRW
69%
129Lippstadt67.901NRW
69%
197Lörrach49.347Ba-Wü
68%
292Bautzen39.087Sachsen
68%
99Marl83.941NRW
68%
257Homburg41.811Saarland
68%
195Rastatt49.783Ba-Wü
67%
191Böblingen50.155Ba-Wü
67%
120Lüdenscheid72.611NRW
67%
123Bocholt71.099NRW
67%
131Herford66.608NRW
67%
207Straubing47.794Bayern
67%
273Pirmasens40.403RLP
67%
176Wetzlar52.954Hessen
67%
108Viersen76.905NRW
67%
155Euskirchen57.975NRW
67%
321Meppen35.373NDS
66%
488Lindau (Bodensee)25.490Bayern
66%
211Dachau47.400Bayern
66%
210Soest47.460NRW
66%
168Lingen (Ems)54.422NDS
66%
133Rüsselsheim am Main65.440Hessen
66%
112Gladbeck75.687NRW
66%
337Zweibrücken34.209RLP
66%
96Lünen86.449NRW
65%
147Wesel60.357NRW
65%
300Langen37.902Hessen
65%
111Rheine76.107NRW
65%
157Göppingen57.558Ba-Wü
65%
301Greven37.692NRW
65%
114Troisdorf74.903NRW
65%
322Limburg an der Lahn35.243Hessen
65%
209Stade47.533NDS
65%
119Castrop-Rauxel73.425NRW
65%
332Leer34.486NDS
65%
253Aurich41.991NDS
64%
326Suhl34.835Thüringen
64%
256Ansbach41.847Bayern
64%
201Freising48.634Bayern
64%
181Wolfenbüttel52.174NDS
64%
254Amberg41.970Bayern
64%
225Gotha45.733Thüringen
64%
105Norderstedt79.159S-H
64%
215Landau in der Pfalz46.677RLP
63%
184Bad Kreuznach50.948RLP
63%
192Peine49.952NDS
63%
218Neunkirchen46.469Saarland
63%
140Grevenbroich63.620NRW
63%
222Lutherstadt Wittenberg46.008S-Anhalt
63%
136Sindelfingen64.858Ba-Wü
63%
271Schwäbisch Hall40.440Ba-Wü
63%
118Arnsberg73.628NRW
62%
144Schwäbisch Gmünd61.186Ba-Wü
62%
130Dinslaken67.525NRW
62%
482Bingen am Rhein25.659RLP
62%
169Bad Homburg vor der Höhe54.248Hessen
62%
101Velbert81.984NRW
62%
243Pinneberg43.280S-H
61%
258Nordhausen41.791Thüringen
61%
361Vechta32.433NDS
61%
202Frankenthal (Pfalz)48.561RLP
61%
200Bad Oeynhausen48.702NRW
61%
148Hürth60.189NRW
61%
175Neustadt an der Weinstraße53.148RLP
61%
293Mettmann38.829NRW
60%
348Uelzen33.614NDS
60%
137Neuwied64.574RPL
60%
208Singen (Hohentwiel)47.723Ba-Wü
60%
174Nordhorn53.403NDS
60%
132Kerpen66.206NRW
60%
260Siegburg41.463NRW
60%
324Cloppenburg34.913NDS
60%
430Meißen28.044Sachsen
59%
199Bergkamen48.725NRW
59%
163Sankt Augustin55.767NRW
59%
164Hilden55.764NRW
59%
167Hattingen54.562NRW
59%
171Bad Salzuflen54.127NRW
59%
248Weiden in der Oberpfalz42.520Bayern
59%
138Dormagen64.335NRW
59%
297Pirna38.320Sachsen
59%
285Stendal39.439S-Anhalt
59%
417Höxter28.824NRW
59%
255Heinsberg41.946NRW
59%
115Dorsten74.736NRW
59%
193Elmshorn49.883S-H
58%
143Bergheim61.612NRW
58%
247Borken42.530NRW
57%
160Eschweiler56.385NRW
57%
485Roth25.593Bayern
57%
179Frechen52.473NRW
57%
420Rendsburg28.470S-H
57%
317Tuttlingen35.730Ba-Wü
57%
349Deggendorf33.585Bayern
56%
276Halberstadt40.256S-Anhalt
56%
312Coesfeld36.217NRW
56%
320Sinsheim35.442Ba-Wü
56%
146Garbsen60.754NDS
56%
203Rheda-Wiedenbrück48.505NRW
56%
170Langenhagen54.244NDS
56%
220Schwerte46.340NRW
56%
245Kamen42.971NRW
55%
232Oranienburg44.512Brandenburg
55%
162Meerbusch56.189NRW
55%
182Ibbenbüren51.904NRW
55%
307Warendorf37.226NRW
55%
356Wernigerode32.733S-Anhalt
54%
177Menden (Sauerland)52.912NRW
54%
194Erftstadt49.801NRW
54%
277Buxtehude40.150NDS
54%
275Eberswalde40.387Brandenburg
54%
369Itzehoe31.879S-H
54%
237Kaufbeuren43.893Bayern
54%
242Erkelenz43.364NRW
54%
152Langenfeld (Rheinland)58.927NRW
53%
165Waiblingen55.449Ba-Wü
53%
299Haltern am See38.013NRW
53%
438Saalfeld/Saale27.705Thüringen
53%
311Erding36.469Bayern
53%
359Jülich32.632NRW
53%
142Herten61.791NRW
53%
172Pulheim54.071NRW
53%
233Brühl44.397NRW
53%
266Schwabach40.792Bayern
52%
249Gifhorn42.519NDS
52%
284Freital39.562Sachsen
52%
314Kehl36.089Ba-Wü
52%
355Biberach an der Riß32.938Ba-Wü
52%
411Northeim29.107NDS
52%
229Weinheim45.284Ba-Wü
52%
339Steinfurt34.084NRW
51%
267Lemgo40.696NRW
51%
279Neumarkt in der Oberpfalz40.002Bayern
51%
371Nienburg/Weser31.550NDS
51%
365Altenburg32.074Thüringen
51%
302Fürstenfeldbruck37.677Bayern
51%
290Buchholz in der Nordheide39.272NDS
50%
217Melle46.493NDS
50%
268Monheim am Rhein40.645NRW
50%
286Völklingen39.374Saarland
50%
389Weil am Rhein30.175Ba-Wü
50%
336Balingen34.217Ba-Wü
49%
304Papenburg37.579NDS
49%
309Ilmenau36.716Thüringen
49%
397Bad Hersfeld29.800Hessen
49%
439Verden (Aller)27.661NDS
49%
216Dülmen46.590NRW
49%
231Bruchsal44.644Ba-Wü
49%
270Bensheim40.456Hessen
48%
206Gronau (Westf.)48.072NRW
48%
263Königswinter41.243NRW
48%
496Schleswig25.276S-H
48%
212Hennef (Sieg)47.339NRW
47%
159Stolberg (Rheinland)56.792NRW
47%
198Leonberg48.733Ba-Wü
47%
188Willich50.592NRW
47%
308Königs Wusterhausen37.190Brandenburg
47%
334Crailsheim34.400Ba-Wü
47%
294Bernau bei Berlin38.825Brandenburg
47%
236Lehrte43.999NDS
47%
358Hoyerswerda32.658Sachsen
47%
364Bad Nauheim32.163Hessen
47%
235Neustadt am Rübenberge44.282NDS
47%
362Naumburg (Saale)32.402S-Anhalt
47%
498Rottweil25.274Ba-Wü
46%
410Landsberg am Lech29.132Bayern
46%
367Fürstenwalde/Spree31.941Brandenburg
46%
305Kamp-Lintfort37.391NRW
46%
396Friedberg29.810Bayern
46%
480Bad Honnef25.816NRW
46%
221Oberursel (Taunus)46.248Hessen
46%
214Lahr/Schwarzwald46.797Ba-Wü
46%
295Würselen38.712NRW
45%
341Merseburg34.080S-Anhalt
45%
495Groß-Gerau25.302Hessen
45%
393Andernach29.966RLP
45%
252Dreieich42.091Hessen
45%
269Kirchheim unter Teck40.523Ba-Wü
45%
241Kaarst43.433NRW
45%
259Wunstorf41.594NDS
45%
352Mühlhausen/Thüringen33.135Thüringen
45%
264Nürtingen41.093Ba-Wü
45%
363Forchheim32.171Bayern
44%
378Neuruppin30.846Brandenburg
44%
391Riesa30.054Sachsen
44%
315Emsdetten36.012NRW
44%
244Bietigheim-Bissingen43.093Ba-Wü
44%
227Bünde45.521NRW
44%
282Löhne39.697NRW
44%
240Rottenburg am Neckar43.723Ba-Wü
44%
291Ahaus39.223NRW
44%
303Neu-Isenburg37.668Hessen
44%
261Laatzen41.422NDS
44%
345Geldern33.836NRW
43%
287Ettlingen39.339Ba-Wü
43%
351Ahrensburg33.472S-H
43%
250Nettetal42.493NRW
43%
329Datteln34.614NRW
43%
205Bornheim48.326NRW
43%
238Falkensee43.844Brandenburg
43%
228Albstadt45.327Ba-Wü
42%
224Filderstadt45.813Ba-Wü
42%
487Verl25.498NRW
42%
234Erkrath44.384NRW
42%
330Kempen34.597NRW
42%
390Ennepetal30.075NRW
42%
296Bitterfeld-Wolfen38.475S-Anhalt
42%
310Beckum36.646NRW
41%
399Merzig29.745Saarland
41%
490Rinteln25.484NDS
41%
318Sankt Ingbert35.714Saarland
41%
368Achim31.911NDS
41%
319Porta Westfalica35.671NRW
41%
373Oer-Erkenschwick31.442NRW
40%
493Zittau25.381Sachsen
40%
395Schwedt/Oder29.920Brandenburg
40%
418Rösrath28.693NRW
40%
408Güstrow29.241MVP
40%
476Kulmbach25.915Bayern
40%
462Sangerhausen26.297S-Anhalt
40%
434Emmendingen27.882Ba-Wü
40%
381Emmerich am Rhein30.748NRW
40%
323Lage35.047NRW
40%
343Radebeul34.008Sachsen
40%
219Herzogenrath46.402NRW
40%
281Hofheim am Taunus39.766Hessen
40%
289Maintal39.298Hessen
40%
357Bernburg (Saale)32.674S-Anhalt
40%
344Bad Vilbel33.990Hessen
40%
489Lübbecke25.490NRW
39%
478St. Wendel25.862Saarland
39%
481Helmstedt25.728NDS
39%
328Wermelskirchen34.765NRW
39%
226Fellbach45.671Ba-Wü
39%
350Wedel33.547S-H
38%
387Lohmar30.363NRW
38%
500Petershagen25.168NRW
38%
274Germering40.389Bayern
38%
448Overath27.040NRW
38%
306Backnang37.253Ba-Wü
38%
313Wesseling36.146NRW
38%
423Idar-Oberstein28.323RLP
38%
272Weißenfels40.409S-Anhalt
38%
461Heiligenhaus26.335NRW
37%
425Grimma28.180Sachsen
37%
416Schwandorf28.828Bayern
37%
422Winnenden28.339Ba-Wü
37%
424Bad Neuenahr-Ahrweiler28.251RLP
37%
379Einbeck30.826NDS
37%
230Rodgau45.202Hessen
36%
380Werl30.772NRW
36%
346Goch33.825NRW
36%
376Rheinberg31.097NRW
36%
447Rheinbach27.063NRW
36%
491Brilon25.417NRW
36%
325Winsen (Luhe)34.896NDS
36%
340Hemer34.080NRW
36%
213Alsdorf47.018NRW
36%
280Hückelhoven39.931NRW
35%
421Mühlheim am Main28.403Hessen
35%
445Aschersleben27.220S-Anhalt
35%
338Viernheim34.175Hessen
35%
333Seelze34.442NDS
35%
413Springe28.951NDS
35%
283Schorndorf39.634Ba-Wü
35%
327Mörfelden-Walldorf34.828Hessen
34%
374Radolfzell am Bodensee31.203Ba-Wü
34%
298Niederkassel38.218NRW
34%
372Herrenberg31.545Ba-Wü
34%
460Neckarsulm26.492Ba-Wü
34%
472Heppenheim (Bergstraße)26.023Hessen
34%
353Rheinfelden (Baden)33.074Ba-Wü
34%
288Ostfildern39.321Ba-Wü
34%
443Wetter (Ruhr)27.441NRW
33%
433Zeitz27.955S-Anhalt
33%
278Leinfelden-Echterdingen40.092Ba-Wü
33%
475Pfaffenhofen an der Ilm25.917Bayern
33%
436Baunatal27.750Hessen
33%
400Neuburg an der Donau29.682Bayern
33%
335Barsinghausen34.234NDS
33%
419Schwelm28.542NRW
33%
406Oelde29.326NRW
33%
370Georgsmarienhütte31.827NDS
32%
384Gevelsberg30.695NRW
32%
385Geesthacht30.551S-H
32%
388Osterholz-Scharmbeck30.300NDS
32%
394Meschede29.921NRW
32%
470Ludwigsfelde26.112Brandenburg
32%
446Geilenkirchen27.214NRW
32%
402Vaihingen an der Enz29.467Ba-Wü
32%
316Voerde (Niederrhein)35.999NRW
32%
432Kevelaer28.021NRW
32%
414Unterschleißheim28.907Bayern
32%
383Burgdorf30.699NDS
31%
477Köthen (Anhalt)25.911S-Anhalt
31%
342Dietzenbach34.019Hessen
31%
479Teltow25.825Brandenburg
31%
347Kornwestheim33.803Ba-Wü
31%
474Weiterstadt25.975Hessen
31%
354Korschenbroich33.066NRW
31%
401Werne29.662NRW
31%
377Bramsche30.952NDS
31%
412Kelkheim (Taunus)29.055Hessen
30%
483Achern25.630Ba-Wü
30%
366Delbrück31.949NRW
30%
360Lampertheim32.537Hessen
30%
415Bühl28.900Ba-Wü
29%
392Taunusstein30.005Hessen
29%
499Friedrichsdorf25.194Hessen
28%
375Kreuztal31.187NRW
28%
451Neukirchen-Vluyn26.982NRW
27%
427Geislingen an der Steige28.122Ba-Wü
27%
398Gaggenau29.777Ba-Wü
27%
382Schönebeck30.720S-Anhalt
26%
468Werder (Havel)26.184Brandenburg
26%
486Lennestadt25.503NRW
26%
405Waltrop29.345NRW
26%
431Leichlingen (Rheinland)28.031NRW
26%
457Hamminkeln26.739NRW
25%
465Butzbach26.197Hessen
25%
407Tönisvorst29.306NRW
24%
452Leimen26.968Ba-Wü
24%
459Lauf an der Pegnitz26.515Bayern
24%
458Strausberg26.587Brandenburg
24%
492Staßfurt25.385S-Anhalt
23%
426Wegberg28.175NRW
23%
466Nordenham26.193NDS
23%
464Ehingen26.259Ba-Wü
23%
440Reinbek27.649S-H
23%
449Baesweiler27.033NRW
22%
454Schloss Holte-Stukenbrock26.776NRW
22%
450Weinstadt26.987Ba-Wü
22%
403Rietberg29.466NRW
22%
441Mechernich27.598NRW
22%
404Bretten29.412Ba-Wü
22%
435Sundern (Sauerland)27.802NRW
22%
442Hattersheim am Main27.590Hessen
22%
428Königsbrunn28.076Bayern
21%
473Selm26.011NRW
20%
494Plettenberg25.318NRW
20%
437Olching27.741Bayern
20%
444Griesheim27.435Hessen
19%
409Friedberg (Hessen)29.180Hessen
19%
497Geretsried25.275Bayern
19%
453Wangen im Allgäu26.905Ba-Wü
19%
455Lohne (Oldenburg)26.762NDS
19%
484Zirndorf25.596Bayern
19%
456Wiesloch26.758Ba-Wü
19%
471Mühlacker26.076Ba-Wü
18%
429Rödermark28.071Hessen
17%
469Hohen Neuendorf26.159Brandenburg
16%
467Remseck am Neckar26.467Ba-Wü
15%
463Hennigsdorf26.272Brandenburg
15%

Verteilung der Resultate

Perzentil nach korrekt beantworteten Fragen

Anzahl Personen mit jedem Resultat

Ihre Resultats-Entwicklung

Sie haben dieses Quiz noch nicht gespielt